Canços de la p... vida / (Record no. 182953)

MARC details
000 -LEADER
campo de control de longitud fija 00607nam a22002051i 4500
001 - NÚMERO DE CONTROL
campo de control 182953
003 - IDENTIFICADOR DE NÚMERO DE CONTROL
campo de control ES-MaACL
005 - FECHA Y HORA DE LA ÚLTIMA TRANSACCIÓN
campo de control 20250912063056.0
008 - DATOS DE LONGITUD FIJA--INFORMACIÓN GENERAL
campo de control de longitud fija 140107s1973 sp |||| | cat d
020 ## - NÚMERO INTERNACIONAL ESTÁNDAR DEL LIBRO
Número Internacional Estándar del Libro 84-264-2852-5
080 ## - NÚMERO DE LA CLASIFICACIÓN DECIMAL UNIVERSAL
Número de la Clasificación Decimal Universal 849.9-147"19"
100 1# - ENTRADA PRINCIPAL--NOMBRE DE PERSONA
Nombre de persona Barbat, Enric,
Fechas asociadas al nombre 1943-
9 (RLIN) 154066
245 10 - MENCIÓN DEL TÍTULO
Título Canços de la p... vida /
Mención de responsabilidad, etc. Enric Barbat.
260 ## - PUBLICACIÓN, DISTRIBUCIÓN, ETC.
Lugar de publicación, distribución, etc. Barcelona :
Nombre del editor, distribuidor, etc. Lumen,
Fecha de publicación, distribución, etc. 1973.
300 ## - DESCRIPCIÓN FÍSICA
Extensión 92 p., 2 h. :
Otras características físicas lám., grab. ;
Dimensiones 18 cm.
490 1# - MENCIÓN DE SERIE
Mención de serie Paraula Menor ;
Designación de volumen o secuencia v. 2
830 0# - PUNTO DE ACCESO ADICIONAL DE SERIE-TÍTULO UNIFORME
Título uniforme Paraula Menor ;
Designación de volumen o secuencia v. 2
9 (RLIN) 224909
852 ## - LOCALIZACIÓN
Ubicación ES-MaACL
Número de control de estantería C-52577
Holdings
Estatus retirado Estado de pérdida Estado de daño No para préstamo Biblioteca de origen Biblioteca actual Ubicación en estantería Fecha de adquisición Fuente de adquisición Total de préstamos Signatura topográfica completa Código de barras Visto por última vez Precio de reemplazo Tipo de ítem Koha
        Biblioteca del Ateneo de Madrid Biblioteca del Ateneo de Madrid Depósito 2 07/01/2014     C-52577 1192288 23/02/2023 23/02/2023 Libro impreso